Statistics for Midnights Full Tracklist

Click here to take the quiz!

General Stats

  • This quiz has been taken 165 times
    (51 since last reset)
  • The average score is 18 of 22

Answer Stats

#Song Title% Correct
1Lavender Haze
97%
2Maroon
97%
3Anti-Hero
94%
13Mastermind
94%
16Paris
94%
4Snow on the Beach (featuring Lana Del Rey)
94%
11Karma
91%
9Bejeweled
89%
6Midnight Rain
89%
5You're on Your Own, Kid
89%
19Would've, Could've, Should've
86%
18Glitch
80%
8Vigilante Shit
80%
15Bigger Than the Whole Sky
77%
21Hits Different
77%
10Labyrinth
77%
7Question...?
77%
12Sweet Nothing
77%
14The Great War
77%
22You're Losing Me (From The Vault)
77%
20Dear Reader
71%
17High Infidelity
60%

Score Distribution

Percentile by Number Answered

Percent of People with Each Score

Your Score History

You have not taken this quiz since the last reset